|
|
|
|
| LEADER |
00000nam0a2200000 4500 |
| 001 |
363475 |
| 005 |
20231102011607.0 |
| 035 |
|
|
|a (RuTPU)RU\TPU\retro\20822
|
| 090 |
|
|
|a 363475
|
| 100 |
|
|
|a 20211001d1980 km y0rusy50 ca
|
| 101 |
0 |
|
|a rus
|
| 102 |
|
|
|a RU
|
| 105 |
|
|
|a af z 001zy
|
| 200 |
1 |
|
|a Геологическое строение и нефтегазоносность краевых прогибов
|f Академия наук СССР, Институт геологии и разработки горючих ископаемых ; под ред. Н. А. Еременко
|
| 210 |
|
|
|a Москва
|c Наука
|d 1980
|
| 215 |
|
|
|a 244 с.
|c ил., карты
|
| 320 |
|
|
|a Библиогр. в конце ст.
|
| 606 |
1 |
|
|a Нефтегазоносность
|2 stltpush
|3 (RuTPU)RU\TPU\subj\45590
|9 64783
|
| 610 |
1 |
|
|a геологическое строение
|
| 610 |
1 |
|
|a краевые прогибы
|
| 610 |
1 |
|
|a тектоника
|
| 610 |
1 |
|
|a глубинное строение
|
| 610 |
1 |
|
|a гидрогеология
|
| 610 |
1 |
|
|a углеводороды
|
| 610 |
1 |
|
|a залежи
|
| 610 |
1 |
|
|a размещение
|
| 610 |
1 |
|
|a поиски
|
| 610 |
1 |
|
|a перспективы
|
| 675 |
|
|
|a 553.98
|v 4
|
| 702 |
|
1 |
|a Еременко
|b Н. А.
|4 340
|
| 712 |
0 |
2 |
|a Академия наук СССР
|b Институт геологии и разработки горючих ископаемых
|c (Москва)
|c (1958-????)
|2 stltpush
|3 (RuTPU)RU\TPU\col\13483
|9 25687
|
| 801 |
|
1 |
|a RU
|b 63413507
|c 20211001
|
| 942 |
|
|
|c BK
|